<?xml version="1.0" encoding="UTF-8"?>
<collection xmlns="http://www.loc.gov/MARC21/slim">
    <record>
        <controlfield tag="001">32610</controlfield>
        <controlfield tag="005">20160204081748.0</controlfield>
        <datafield tag="037" ind1=" " ind2=" ">
            <subfield code="a">TAZ-TFG-2015-3427</subfield>
        </datafield>
        <datafield tag="041" ind1=" " ind2=" ">
            <subfield code="a">spa</subfield>
        </datafield>
        <datafield tag="100" ind1="1" ind2=" ">
            <subfield code="a">Palos Ibáñez, Javier</subfield>
        </datafield>
        <datafield tag="245" ind1="0" ind2="0">
            <subfield code="a">La economía en España durante la guerra civil</subfield>
        </datafield>
        <datafield tag="260" ind1=" " ind2=" ">
            <subfield code="a">Zaragoza</subfield>
            <subfield code="b">Universidad de Zaragoza</subfield>
            <subfield code="c">2015</subfield>
        </datafield>
        <datafield tag="506" ind1=" " ind2=" ">
            <subfield code="a">by-nc-sa</subfield>
            <subfield code="b">Creative Commons</subfield>
            <subfield code="c">3.0</subfield>
            <subfield code="u">http://creativecommons.org/licenses/by-nc-sa/3.0/</subfield>
        </datafield>
        <datafield tag="520" ind1=" " ind2=" ">
            <subfield code="a">La Guerra Civil española tuvo lugar en el periodo de 17 de julio de 1936 hasta 1 de abril de 1939. La guerra tuvo múltiples facetas como la lucha de clases, enfrentamiento de nacionalismos opuestos, disputas de religión, lucha entre la dictadura militar y la democracia republicana y entre fascismo y comunismo. Todo ello supuso un gran coste para España, no solo a nivel económico sino también a nivel de equipo de capital, humano, estructural, así como otros aspectos más generales. Un suceso trágico que impactó tanto en el país que dejó una herencia que perdura en su geografía, sociedad y economía. En este trabajo se realiza un recorrido histórico-analítico del gobierno republicano previo al conflicto, el inicio de la revolución y la falta de preparación por las partes intervinientes, así como  las consecuencias económicas posteriores a la guerra. Se realiza un análisis sobre la importancia de ayudas y financiación extranjera, estrategias y  políticas que permitieron obtener ventajas en el conflicto. En definitiva, una descripción económica desde la perspectiva nacionalista y republicana que describe las características y decisiones necesarias que tuvieron que tomar para afrontar la Guerra Civil.</subfield>
        </datafield>
        <datafield tag="521" ind1=" " ind2=" ">
            <subfield code="a">Graduado en Economía</subfield>
        </datafield>
        <datafield tag="540" ind1=" " ind2=" ">
            <subfield code="a">Derechos regulados por licencia Creative Commons</subfield>
        </datafield>
        <datafield tag="700" ind1=" " ind2=" ">
            <subfield code="a">Gadea Rivas, María Dolores</subfield>
            <subfield code="e">dir.</subfield>
        </datafield>
        <datafield tag="710" ind1="2" ind2=" ">
            <subfield code="a">Universidad de Zaragoza</subfield>
            <subfield code="b"> </subfield>
            <subfield code="c"></subfield>
        </datafield>
        <datafield tag="856" ind1="0" ind2=" ">
            <subfield code="f">564487@celes.unizar.es</subfield>
        </datafield>
        <datafield tag="856" ind1="4" ind2=" ">
            <subfield code="s">607787</subfield>
            <subfield code="u">http://zaguan.unizar.es/record/32610/files/TAZ-TFG-2015-3427.pdf</subfield>
            <subfield code="y">Memoria (spa)</subfield>
        </datafield>
        <datafield tag="909" ind1="C" ind2="O">
            <subfield code="o">oai:zaguan.unizar.es:32610</subfield>
            <subfield code="p">driver</subfield>
            <subfield code="p">trabajos-fin-grado</subfield>
        </datafield>
        <datafield tag="950" ind1=" " ind2=" ">
            <subfield code="a"></subfield>
        </datafield>
        <datafield tag="951" ind1=" " ind2=" ">
            <subfield code="a">deposita:2015-12-03</subfield>
        </datafield>
        <datafield tag="980" ind1=" " ind2=" ">
            <subfield code="a">TAZ</subfield>
            <subfield code="b">TFG</subfield>
            <subfield code="c">ECON</subfield>
        </datafield>
    </record>

    
</collection>